| 000 | 01114nam a2200289 a 4500 | ||
|---|---|---|---|
| 001 | 000037665 | ||
| 005 | 20250701132841.0 | ||
| 008 | 121024s2003 dr d 000 0 spa d | ||
| 020 | _a9993403792 | ||
| 040 |
_aDO-SdBNP _bspa _cBNPHU |
||
| 082 |
_a330.97293 _bJ96f, 2003 |
||
| 100 | 1 |
_aJusto Duarte, Amaury, _d1942- _98575 |
|
| 245 | 1 | 0 |
_aFilosofía de la crisis y el salto tecnológico : _bla sociedad dominicana y su futuro / _cAmaury Justo Duarte. |
| 250 | _a2ª ed. | ||
| 260 |
_aSanto Domingo : _bBúho, _c2003. |
||
| 300 |
_a196 p. : _bdiagr. ; _c23 cm. |
||
| 504 | _aIncluye bibliografía y notas al pie de páginas. | ||
| 504 | _aBibliografía: p.185-190. | ||
| 590 | _aInventariado, 2018/ YL | ||
| 650 | 4 |
_aDesarrollo científico y tecnológico _98576 |
|
| 651 | 4 |
_aRepública Dominicana _xCondiciones Económicas _9281 |
|
| 651 | 4 |
_aRepública Dominicana _xPolítica Económica _9643 |
|
| 650 | 0 |
_aDesarrollo económico _985548 |
|
| 651 | 4 |
_aRepública Dominicana _xCondiciones Sociales _946 |
|
| 651 | 0 |
_aRepública Dominicana _xPolítica y gobierno _945 |
|
| 910 | _aValidado. Control de calidad EMS | ||
| 999 |
_c37155 _d37155 |
||